000 00786cab a2200241 4500
001 ABS50331
008 090401t1994 xxu||||| |||| 00| 0 eng d
035 _a(Sirsi) u75334
041 _aeng
100 _aMorphet, J.
245 _aEuropean regions to make voice heard in committee
260 _c1994
350 _a0
490 _aPlanning (for the Natural and Built Environment)
_v(1060) 18 March 1994, 8-9(2)
520 _aDiscusses how the European Committee of the Regions (COR) will operate and assesses its impact on national and local government in Britain.
650 _aCOMMITTEE OF THE REGIONS
650 _aEUROPE
650 _aREGIONAL PLANNING
690 _aEUROPE-SINGLE MARKET
690 _aPLANNING LAW AND PRACTICE
942 _n0
948 _c04/03/1997
999 _c47451
_d47451